| 000 | 00554nam a2200217 a 4500 | ||
|---|---|---|---|
| 001 | BRCA_6250 | ||
| 005 | 20190320205402.0 | ||
| 008 | 210711s1924----nyu#######---#000-0#eng-# | ||
| 041 | _aeng | ||
| 044 | _anyu | ||
| 050 | 4 |
_aDL338 _b.G44 1924 |
|
| 100 | 1 |
_aGjerset, Knut _d1865-1936. _915697 |
|
| 245 | 1 | 0 |
_aHistory of Iceland _cKnut Gjerset. |
| 260 |
_aNueva York _bMacmillan _c1924 |
||
| 300 |
_a428 p. _c23 cm. |
||
| 500 | _aIncluye índice alfabético | ||
| 500 | _aK110 | ||
| 651 | 4 |
_aIslandia _xHistoria _915698 |
|
| 902 | _aGFM | ||
| 942 |
_2lcc _cB |
||
| 999 |
_c5937 _d5937 |
||